000
00263nam a22001217a 4500
008
170530b xxu||||| |||| 00| 0 eng d
041
_a
eng
080
_a
93
100
_a
17
101
_a
SHH
245
_a
SEX/ A NATURAL HISTORY
_c
RODGERS, J.E
942
_2
udc
_c
BK
999
_c
15065
_d
15065